000 00727nam a22001817a 4500
999 _c371354
_d371354
008 201127b ||||| |||| 00| 0 eng d
040 _aDE-2950
_bger
_cDE-2950
_erda
041 _ager
245 _aChefarzt-Karussell dreht sich.
_bGesundheitsversorgung: Binnen Jahresfrist gab es acht Chefarzt-Wechsel im Klinikum. Was sagt Geschäftsführer Patrick Hilbrenner zur Personal-Fluktuation? /
_cInes Weber-Rath
264 _c2022
653 _aFrankfurt (Oder)
653 _aKlinikum
773 _dFrankfurt (Oder) Märkisches Verlags- und Druckhaus GmbH & Co KG
_tMärkische Oderzeitung
_g33. Jahrgang (2022) Nr. 16 vom 20.01.2022, S. 13
942 _cA